000 00909nam0a22002651 4500
001 rc\4653846
005 20250612143132.0
021 _aRU
_b[59-2848]
035 _a(NLR Aleph) 008692949
090 _a9250605
_c9250605
100 _a20130416d1958 |||y0rusy50 ca
101 0 _arus
102 _aRU
105 _aa z |||||
200 1 _aБеломышечная болезнь ягнят
_fПод ред. проф. В.А. Наумова
_gКировское обл. упр. сельского хозяйства
210 _aКиров
_cКн. изд-во
_d1958
215 _a32 с.
_cил.
_d20
606 _aБеломышечная болезнь ягнят
_2psbo
700 1 _aПалевич
_bГ.А.
_gГалина Александровна
702 1 _aНаумов
_bВ.А.
_4340
801 0 _aRU
_bNLR
_gpsbo
801 1 _aRU
_bELAR
_2rusmarc
852 _aNLR
_j59-4/1890
942 _cBOOK
980 _aNB